Sydney Swans Roster - Statistics

General Stats
  • This quiz has been taken 90 times
  • The average score is 31 of 44
Answer Stats
Hint Answer % Correct
4 Brodie Grundy
100%
1 Chad Warner
100%
35 Charlie Curnow
100%
5 Isaac Heeney
100%
36 Joel Amartey
100%
6 Logan Mcdonald
100%
11 Tom Papley
100%
37 Corey Warner
92%
24 Dane Rampe
92%
21 Errol Gulden
92%
2 Hayden Mclean
92%
30 Tom Mccartin
92%
12 Angus Sheldrick
85%
14 Callum Mills
85%
7 Harry Cunningham
85%
13 Jai Serong
85%
8 James Rowbottom
85%
22 Nick Blakey
85%
44 Jake LLoyd
77%
27 Justin Mcinerney
77%
26 Riley Bice
77%
3 Taylor Adams
77%
17 James Jordan
69%
10 Malcom Rosas
69%
34 Matt Roberts
69%
19 Petger Ladhams
69%
28 Williams Edwards
69%
25 Billy Cootee
62%
43 Lewis Melican
62%
45 William Green.
62%
18 Braeden Campbell
54%
33 Caiden Cleary
54%
32 Harry Kyle
54%
15 Sam Wicks
54%
29 Joel Hamling
46%
31 Max King
46%
23 Ned Bowman
46%
9 Jesse Dattoli
38%
18 Jevan Phillipou
38%
39 Liam Hetherton
38%
42 Noah Chamberlain
38%
20 Riak Andrew
38%
41 Patrick Snell
31%
40 Tom Anily
0%
No matching quizzes found
Score Distribution
Percent of People with Each Score
Percentile by Number Answered
Your Score History
You have not taken this quiz